000 00318nam a2200133Ia 4500
005 20260326235440.0
008 260326s9999||||xx |||||||||||||| ||und||
100 _aBroto, Carles
245 0 _aMultiunit Housing /
_cCarles Broto
260 _bLinks
300 _a239 p.
650 _aVIVIENDA MULTIFAMILIAR
942 _cBK
999 _c7364
_d7364